| 000 | 01352nam a2200373 i 4500 | ||
|---|---|---|---|
| 001 | bg | ||
| 100 | 1 | _aCampbell, Ian. | |
| 245 | 1 | 0 |
_aZarządzanie jakością według nowych norm serii ISO 9000. _nT. 2 / _caut. wyd. niem. Ian Campbell, Rüdiger Gläbe ; red. wyd. pol. Dawid Wosik |
| 246 |
_iTyt. oryg.: _aAkualizacja bieżąca. |
||
| 250 | _aStan prawny na czerwiec 2012. | ||
| 260 |
_aWarszawa : _bFORUM, _c2001-. |
||
| 300 |
_aSkoroszyt ; _c31 cm. |
||
| 500 | _aAkualizacja bieżąca. | ||
| 500 | _aTyt. oryg.: "Qualitätsmanagement - nach der neuen ISO 9000 er serie - ISO 9004:2000 EFQM - Modell für Excellence (DEN EN ISO 9000 ff)". | ||
| 650 | 9 | _aNormy ISO 9000 | |
| 650 | 9 |
_aZarządzanie jakością _xmetody |
|
| 650 | 9 |
_aJakość produktu _xnormalizacja _zPolska |
|
| 650 | 9 |
_aJakość produktu _xnormalizacja _zUnia Europejska |
|
| 650 | 9 |
_aPrzedsiębiorstwo _xorganizacja |
|
| 700 | 1 | _aGläbe, Rüdiger. | |
| 700 | 1 |
_aWosik, Dawid. _eRed. |
|
| 020 | _a8387287512 (dzieło podstawowe) | ||
| 020 | _a9788326011788 (akt.) | ||
| 040 | _cBPK | ||
| 041 | 1 |
_apol _hger |
|
| 080 | _a005(438) | ||
| 080 | _a658.56(438) | ||
| 080 | _a006.83(438) | ||
| 080 | _a006.83(4-67) | ||
| 920 | _a83-87287-86-5 (dzieło podstawowe) | ||
| 920 | _a978-83-260-1178-8 (akt.) | ||
| 942 | _cKA | ||
| 008 | s pl f |000 0 pol | ||
| 999 |
_c35066 _d35066 |
||
| 856 |
_uhttp://koha.tu.koszalin.pl/cgi-bin/koha/opac-detail.pl?biblionumber=35066 _yKatalog online BPK |
||